000 03019nam a2200241Ia 4500
003 Ost
005 20260507075012.0
008 260507s9999||||xx |||||||||||||| ||und||
040 _cfsecg
041 _aara
082 _a351
100 _aعصفور، محمد شاكر
_eمؤلف
245 0 _aأصول التنظيم والأساليب /
_c محمد شاكر عصفور
250 _aطبعة 4
260 _aعمان:
_bدار المسيرة,
_c2007
300 _a407 صفحة؛
_bإيضاحات ؛
_c24 سم
504 _aبيبليوغرافيا: ص. 398
520 _aحتى يكون هذا الكتاب مكتملاً في موضوعاته، فقد ضمنت فصوله الموضوعات الأساسية التي لابد من الإطلاع عليها لكل من يمارس هذا النشاط، ولذا فإن فصول الكتاب تضمنت الموضوعات التالية : التعريف بالتنظيم والأساليب، والتطور التاريخي للتنظيم والأساليب، المستشار الاداري، والاستشارات الادارية، وكتابة التقارير، وتقييم الاستشارات الادارية، واساسيات التنظم الاداري ‘وبناء المنظمات، وادارة التنظيم، والاجراءات، وخرائط سير الاجراءات، وخريطة توزيع الاعمال، والتنمية الاداريةوتم اضافة تصميم ومراقبة النماذج والادلة الادارية على هذه الطبعة من الكتاب . وراعيت عند معالجة مواضيع الكتاب، بيان الجانبين النظري والعملي، وأوليت الجانب العملي عناية كبيرة، فكنت أبين عند بحث كل موضوع , كيفية تطبيقه والقيام به، وأوضح ذلك بأمثلة عملية لتسهيل مهمة تعلمه وتطبيقه من قبل الباحث . لقد أرفق المؤلف في نهاية الكتاب خمسة ملاحق، تضمنت موضوعات ذات فائدة للمهتمين بالاستشارات الإدارية، كقواعد السلوك المهني للإتحاد الأوروبي لجمعيات المستشارين الإداريين، وواجبات ومسؤوليات وظائف التنظيم والإدارة في المملكة العربية السعودية، ودول العالم الأخرى . كما أرفق نموذجين، أحدهما «استبيان لدراسة البناء التنظيمي لمنظمة ما » . والثاني «عرض لتقديم خدمات استشارية » . وهذان النموذجان الملحقان موجهان إلى الممارسين لنشاط الاستشارات الإدارية، فربما يستعينون بهما في إجراء دراساتهم للمنظمات الإدارية .
653 _aالادارة العامة
653 _aالتخطيط
653 _aتنظيم وإدارة
942 _cكتاب
999 _c42166
_d42166